Statistics for Largest citys in the USA

Click here to take the quiz!

General Stats

  • This quiz has been taken 838 times
  • The average score is 6 of 15

Answer Stats

HintAnswer% Correct
8,336,697New York City
97%
3,857,799Los Angeles
78%
2,714,856Chicago
70%
2,160,821Houston
58%
1,241,162Dallas
54%
825,863San Francisco
45%
1,547,607Philadelphia
35%
1,338,348San Diego
35%
842,592Austin
27%
1,488,750Phoenix
27%
1,382,951San Antonio
27%
982,765San Jose
19%
836,507Jacksonville
14%
834,852Indianapolis
9%
809,798Columbus
8%

Score Distribution

Percentile by Number Answered

Percent of People with Each Score

Your Score History

You have not taken this quiz